<?xml version="1.0" encoding="UTF-8"?>
<record
    xmlns:xsi="http://www.w3.org/2001/XMLSchema-instance"
    xsi:schemaLocation="http://www.loc.gov/MARC21/slim http://www.loc.gov/standards/marcxml/schema/MARC21slim.xsd"
    xmlns="http://www.loc.gov/MARC21/slim">

  <leader>00200nam a2200085   4500</leader>
  <controlfield tag="001">1230075</controlfield>
  <controlfield tag="005">20250915144933.0</controlfield>
  <datafield tag="245" ind1=" " ind2=" ">
    <subfield code="a">ada&#xE7;al&#x131; tepesi</subfield>
    <subfield code="c">y&#x131;lmaz ye&#x15F;ilda&#x11F;</subfield>
  </datafield>
  <datafield tag="260" ind1=" " ind2=" ">
    <subfield code="b">erdem &#xE7;ocuk yay&#x131;nevi</subfield>
  </datafield>
  <datafield tag="999" ind1=" " ind2=" ">
    <subfield code="c">1230075</subfield>
    <subfield code="d">1230075</subfield>
  </datafield>
  <datafield tag="952" ind1=" " ind2=" ">
    <subfield code="0">0</subfield>
    <subfield code="1">0</subfield>
    <subfield code="2">ddc</subfield>
    <subfield code="4">0</subfield>
    <subfield code="7">0</subfield>
    <subfield code="a">1054</subfield>
    <subfield code="b">1054</subfield>
    <subfield code="d">2025-09-15</subfield>
    <subfield code="l">2</subfield>
    <subfield code="o">&#x15E;4</subfield>
    <subfield code="p">10545781</subfield>
    <subfield code="q">2026-05-05</subfield>
    <subfield code="r">2026-04-20 12:07:20</subfield>
    <subfield code="s">2026-04-20</subfield>
    <subfield code="w">2025-09-15</subfield>
    <subfield code="y">BK</subfield>
  </datafield>
</record>
